[Event "Tradewise Gibraltar Chess Festival 2012"]
[Site "?"]
[Date "2012.01.23"]
[Round "1.37"]
[White "Baumgartner, Christopher"]
[Black "Uran, Olivier"]
[Result "0-1"]
[WhiteElo "1868"]
[BlackElo "2105"]
[PlyCount "118"]
[EventDate "2012.01.23"]

1. e4 d5 2. exd5 Qxd5 3. Nc3 Qd6 4. Nf3 Nf6 5. Be2 Bg4 6. O-O Nc6 7. d3 e6 8.
h3 Bh5 9. Nb5 Qd7 10. Bf4 Nd5 11. Bg3 a6 12. Nbd4 Nxd4 13. Nxd4 Bxe2 14. Qxe2
Be7 15. Nf3 Bf6 16. Ne5 Bxe5 17. Bxe5 f6 18. Bg3 O-O-O 19. d4 g5 20. f4 gxf4
21. Bxf4 Rhg8 22. Kh1 Rg6 23. Rae1 Rdg8 24. Qxe6 Rxg2 25. c4 Nxf4 26. Qxd7+
Kxd7 27. Rxf4 Rxb2 28. Rxf6 Rg7 29. c5 Rxa2 30. Rb1 Re7 31. d5 Rc2 32. c6+ bxc6
33. dxc6+ Rxc6 34. Rd1+ Rd6 35. Rfxd6+ cxd6 36. Ra1 Rg7 37. Rxa6 Ke6 38. Kh2
Ke5 39. Ra1 d5 40. Re1+ Kf4 41. Rd1 Ke4 42. Re1+ Kf3 43. Rd1 Rd7 44. Kg1 Ke2
45. Rd4 Ke3 46. Rg4 Rf7 47. Rg8 d4 48. Re8+ Kd2 49. Rc8 d3 50. Rc6 Kd1 51. Kg2
Re7 52. Kf2 Re2+ 53. Kf1 Rc2 54. Rd6 d2 55. Ra6 Kc1 56. Ra1+ Kb2 57. Rd1 Rc1
58. Ke2 Rxd1 59. Kxd1 Kc3 0-1

[Event "Tradewise Gibraltar Chess Festival 2012 "]
[Site "?"]
[Date "2012.01.24"]
[Round "2.1"]
[White "Ranaivoharisoa, Alain"]
[Black "Byron, Alan M"]
[Result "1-0"]
[WhiteElo "2135"]
[BlackElo "2241"]
[PlyCount "69"]
[EventDate "2012.01.23"]

1. e4 c6 2. d4 d5 3. Nd2 dxe4 4. Nxe4 Bf5 5. Ng3 Bg6 6. Nf3 e6 7. h4 h6 8. h5
Bh7 9. Bd3 Bxd3 10. Qxd3 Nd7 11. Bd2 Qc7 12. O-O-O O-O-O 13. Qe2 Ngf6 14. Kb1
Bd6 15. Ne4 Nxe4 16. Qxe4 Nf6 17. Qe2 Nd7 18. c4 Rhe8 19. Bc3 f6 20. Rhe1 c5
21. d5 Nf8 22. dxe6 Rxe6 23. Qd3 Be7 24. Qf5 Rxd1+ 25. Rxd1 Kb8 26. Nh4 Qc6 27.
f3 a6 28. Qg4 Re2 29. Nf5 Ka7 30. b3 Qe6 31. Nxg7 Qe3 32. Qe4 Qxe4+ 33. fxe4
Rxe4 34. Nf5 Nh7 35. Rd7 1-0

[Event "Tradewise Gibraltar Chess Festival 2012 "]
[Site "?"]
[Date "2012.01.24"]
[Round "2.2"]
[White "Vea, Odin Blikra"]
[Black "Kandic, Milan"]
[Result "1-0"]
[WhiteElo "2233"]
[BlackElo "2131"]
[PlyCount "77"]
[EventDate "2012.01.23"]

1. e4 d6 2. d4 Nf6 3. Nc3 e5 4. Nf3 Nbd7 5. Bc4 Be7 6. O-O O-O 7. Re1 c6 8. a4
a5 9. h3 Qc7 10. Ba2 h6 11. Nh4 Re8 12. Nf5 Bf8 13. Be3 exd4 14. Qxd4 Ne5 15.
Ng3 Be6 16. f4 Bxa2 17. Rxa2 Ned7 18. Raa1 d5 19. e5 Bc5 20. Qd2 Qb6 21. Bxc5
Qxc5+ 22. Kh2 Nh7 23. Nf5 Nb6 24. b3 Qb4 25. Qe3 g6 26. Nxh6+ Kg7 27. Na2 d4
28. Qf2 Qc5 29. Ng4 f5 30. exf6+ Nxf6 31. Nxf6 Kxf6 32. c3 Nd5 33. cxd4 Qd6 34.
Re5 Kg7 35. Nc1 Nb4 36. Rb1 Red8 37. Qe3 Qxd4 38. Re7+ Kf8 39. Re8+ 1-0

[Event "Tradewise Gibraltar Chess Festival 2012 "]
[Site "?"]
[Date "2012.01.24"]
[Round "2.3"]
[White "Osuna Vega, Enrique"]
[Black "Benmesbah, Natacha"]
[Result "0-1"]
[WhiteElo "2122"]
[BlackElo "2228"]
[PlyCount "146"]
[EventDate "2012.01.23"]

1. e4 c5 2. Nf3 d6 3. d4 cxd4 4. Nxd4 Nf6 5. Nc3 g6 6. Be3 Bg7 7. f3 O-O 8. Qd2
Nc6 9. O-O-O d5 10. Qe1 e6 11. g4 Qa5 12. Nb3 Qc7 13. exd5 Nxd5 14. Nxd5 exd5
15. Qg3 Qxg3 16. hxg3 Re8 17. Bf4 Be6 18. Bb5 a6 19. Bxc6 bxc6 20. Rd2 d4 21.
Nxd4 Bd5 22. Rf1 Rad8 23. Bg5 Rb8 24. b3 h6 25. Bf4 Rbd8 26. Bc7 Bc4 27. Rfd1
Rc8 28. Bb6 Bd5 29. Rf2 Be5 30. f4 Bg7 31. c4 Be4 32. Ne2 c5 33. Ba5 Bc6 34.
Bd2 Rc7 35. Nc3 Bd4 36. Re2 Rxe2 37. Nxe2 Bf3 38. Ba5 Re7 39. Nxd4 Bxd1 40.
Kxd1 cxd4 41. c5 Re6 42. a4 Kf8 43. Kd2 Ke8 44. Kd3 Re3+ 45. Kc4 Kd7 46. b4 d3
47. b5 Re4+ 48. Kb3 axb5 49. axb5 Rd4 50. c6+ Kc8 51. Bd2 g5 52. Kc3 Ra4 53.
Kb3 Re4 54. fxg5 hxg5 55. Bxg5 Re5 56. Bf4 Rxb5+ 57. Kc4 Rb6 58. Kxd3 Rxc6 59.
Ke4 Kd7 60. g5 Ke6 61. Bb8 Rc4+ 62. Kf3 Kf5 63. Bf4 Rc3+ 64. Ke2 Kg4 65. Kf2
Rf3+ 66. Kg2 Rxf4 67. gxf4 Kxf4 68. g6 fxg6 69. Kh3 g5 70. Kg2 Kg4 71. Kh2 Kf3
72. Kg1 Kg3 73. Kh1 g4 0-1

[Event "Tradewise Gibraltar Chess Festival 2012 "]
[Site "?"]
[Date "2012.01.24"]
[Round "2.4"]
[White "Pettersson, Anders"]
[Black "Mueller, Hans-Dieter"]
[Result "1-0"]
[WhiteElo "2219"]
[BlackElo "2108"]
[PlyCount "61"]
[EventDate "2012.01.23"]

1. d4 e6 2. c4 f5 3. g3 d6 4. Bg2 Nf6 5. Nc3 Be7 6. Nf3 O-O 7. O-O a5 8. Re1
Ne4 9. Nxe4 fxe4 10. Nd2 d5 11. f3 exf3 12. Nxf3 c5 13. Be3 cxd4 14. Nxd4 Nc6
15. cxd5 exd5 16. Qb3 Nb4 17. a3 a4 18. Qc3 Na6 19. b4 Bf6 20. Qd2 Nc7 21. Rad1
Qe7 22. Nc2 Rd8 23. Bc5 Qf7 24. e4 Be6 25. e5 Be7 26. Bb6 Rac8 27. Nd4 Kh8 28.
Rc1 Rd7 29. Nb5 Bf8 30. Rf1 Qe7 31. Bc5 1-0

[Event "Tradewise Gibraltar Chess Festival 2012 "]
[Site "?"]
[Date "2012.01.24"]
[Round "2.5"]
[White "Dasaolu, Adeoye"]
[Black "Tavares, Shawn P"]
[Result "1/2-1/2"]
[WhiteElo "2107"]
[BlackElo "2218"]
[PlyCount "55"]
[EventDate "2012.01.23"]

1. Nf3 Nf6 2. c4 e6 3. g3 b6 4. Bg2 Bb7 5. O-O c5 6. Nc3 Be7 7. d4 O-O 8. d5
exd5 9. cxd5 d6 10. a4 Re8 11. Re1 Na6 12. e4 Nb4 13. h3 Nd7 14. Bf4 g5 15.
Nxg5 Bxg5 16. Bxd6 Qf6 17. Bc7 Rac8 18. Nb5 Qg6 19. e5 Rxc7 20. Nxc7 Rxe5 21.
Rxe5 Nxe5 22. f4 Bf6 23. Ne8 Ned3 24. Nxf6+ Qxf6 25. Qg4+ Kf8 26. Qd7 Qd4+ 27.
Kh2 Bxd5 28. Qd8+ 1/2-1/2

[Event "Tradewise Gibraltar Chess Festival 2012 "]
[Site "?"]
[Date "2012.01.24"]
[Round "2.6"]
[White "Mihajlov, Svetoslav"]
[Black "Zygouris, Hristos"]
[Result "1-0"]
[WhiteElo "2101"]
[BlackElo "2205"]
[PlyCount "103"]
[EventDate "2012.01.23"]

1. d4 Nf6 2. c4 e6 3. Nf3 c5 4. d5 d6 5. Nc3 exd5 6. cxd5 g6 7. h3 a6 8. a4 Qe7
9. Bf4 Nbd7 10. Nd2 Ne5 11. e4 Bg7 12. Be2 O-O 13. O-O Ne8 14. Re1 f5 15. exf5
Bxf5 16. Bg3 g5 17. Nde4 h6 18. Bf1 Rc8 19. a5 Qd8 20. Nxd6 Nxd6 21. Bxe5 Bxe5
22. Rxe5 Qf6 23. Re3 Bd7 24. Rf3 Qg7 25. Rxf8+ Rxf8 26. Qd2 Rf4 27. Qe3 Qd4 28.
Rd1 Qxe3 29. fxe3 Rb4 30. Rd2 Kf7 31. Rf2+ Ke7 32. Bd3 Nf7 33. Ne4 c4 34. Bxc4
Nd6 35. Nxd6 Kxd6 36. b3 Bb5 37. Rf6+ Kc5 38. Rb6 Bxc4 39. Rxb4 Kxb4 40. bxc4
Kxa5 41. Kf2 Kb6 42. Ke2 Kc5 43. e4 a5 44. Kd3 Kd6 45. Kd4 b6 46. e5+ Kd7 47.
Kc3 h5 48. Kb3 g4 49. hxg4 hxg4 50. g3 Ke7 51. Ka4 Kd7 52. c5 1-0

[Event "Tradewise Gibraltar Chess Festival 2012 "]
[Site "?"]
[Date "2012.01.24"]
[Round "2.7"]
[White "Agrest, Inna"]
[Black "Eriksen, Magnus"]
[Result "0-1"]
[WhiteElo "2189"]
[BlackElo "2076"]
[PlyCount "68"]
[EventDate "2012.01.23"]

1. e4 c5 2. Nf3 d6 3. d4 cxd4 4. Nxd4 Nf6 5. Nc3 a6 6. Bg5 Nbd7 7. Bc4 Qb6 8.
Bb3 e6 9. Qd2 Be7 10. f3 Nc5 11. g4 Qc7 12. Be3 b5 13. h4 Nfd7 14. g5 Nb6 15.
h5 Bd7 16. Rh2 b4 17. Nd1 a5 18. a3 bxa3 19. bxa3 Nxb3 20. cxb3 d5 21. e5 Qxe5
22. Re2 Qg3+ 23. Kf1 e5 24. Nf2 O-O 25. h6 Rfe8 26. Rc1 exd4 27. Qxd4 Bf8 28.
Qxb6 Rab8 29. Qd4 Bb5 30. Nd3 Qxf3+ 31. Ke1 Re4 32. hxg7 Rxd4 33. gxf8=Q+ Rxf8
34. Bxd4 Qxd3 0-1

[Event "Tradewise Gibraltar Chess Festival 2012 "]
[Site "?"]
[Date "2012.01.24"]
[Round "2.8"]
[White "Uran Bermudez, Olive Kevin"]
[Black "Daoudi, Kamal"]
[Result "1-0"]
[WhiteElo "2099"]
[BlackElo "2165"]
[PlyCount "149"]
[EventDate "2012.01.23"]

1. e4 e5 2. Nf3 Nc6 3. Bb5 a6 4. Ba4 Nf6 5. O-O b5 6. Bb3 Bc5 7. Re1 d6 8. h3
O-O 9. c3 h6 10. d4 Bb6 11. a4 Rb8 12. Na3 Re8 13. axb5 axb5 14. Nxb5 Bd7 15.
Bc2 Qc8 16. Na3 exd4 17. Nxd4 Ne5 18. Rb1 Qb7 19. Bf4 Ng6 20. Qf3 Nh4 21. Qd3
Re7 22. Nc4 Ba7 23. Re2 Rbe8 24. Bg3 Ng6 25. Rbe1 Nh5 26. Qf3 Nxg3 27. Qxg3
Bxd4 28. cxd4 d5 29. Nd2 Qxb2 30. Nb3 Ba4 31. Rb1 Qa3 32. Re3 Bxb3 33. Rexb3
Qa2 34. R3b2 Qc4 35. Bb3 Qxd4 36. Bxd5 Ne5 37. Rb4 Qc5 38. Bb3 Kh8 39. Ba4 c6
40. Kh2 Rd8 41. Rb8 Rxb8 42. Rxb8+ Kh7 43. f4 Qa7 44. Qb3 Nd7 45. Rb7 Qf2 46.
Qf3 Qc5 47. Qd1 Nf6 48. Rxe7 Qxe7 49. e5 Nd5 50. Qd4 Nb4 51. Qe4+ g6 52. Bxc6
Qc5 53. Be8 Kg7 54. e6 fxe6 55. Qxg6+ Kh8 56. Qxh6+ Kg8 57. Qxe6+ Kg7 58. Qe5+
Qxe5 59. fxe5 Kf8 60. Bb5 Ke7 61. Bc4 Nc6 62. e6 Kf6 63. g4 Ne5 64. Bd5 Ng6 65.
Kg3 Ne7 66. Bc4 Nc6 67. h4 Ne5 68. Bd5 Ng6 69. Be4 Ne7 70. Bf5 Ke5 71. h5 Kf6
72. h6 Nc6 73. g5+ Kxg5 74. h7 Ne7 75. Bd3 1-0

[Event "Tradewise Gibraltar Chess Festival 2012 "]
[Site "?"]
[Date "2012.01.24"]
[Round "2.9"]
[White "Schouten, Freek"]
[Black "Rodriguez Boado, Martin"]
[Result "0-1"]
[WhiteElo "2073"]
[BlackElo "2164"]
[PlyCount "108"]
[EventDate "2012.01.23"]

1. c4 Nf6 2. g3 d5 3. Bg2 e6 4. Nf3 Be7 5. O-O O-O 6. d4 Nbd7 7. cxd5 exd5 8.
Bf4 Re8 9. Qc2 c6 10. Nc3 Nf8 11. a3 Ne6 12. Bd2 c5 13. dxc5 Nxc5 14. Nd4 Nce4
15. Nxe4 Nxe4 16. Be3 Bf6 17. Rfd1 Bd7 18. Rac1 Qb6 19. Qc7 Ba4 20. Qxb6 axb6
21. Re1 Rac8 22. Bh3 Rc4 23. b3 Rxd4 24. Bxd4 Bxd4 25. e3 Bc3 26. bxa4 Bxe1 27.
Rxe1 Nc3 28. Kf1 Kf8 29. Rc1 Nxa4 30. Bd7 Ra8 31. Bxa4 Rxa4 32. Rc7 Rxa3 33.
Rxb7 Rb3 34. Rd7 Rb5 35. Ke2 Ke8 36. Rb7 Rb2+ 37. Kf3 h5 38. h4 g6 39. e4 d4
40. Ra7 b5 41. Ra1 d3 42. Rd1 d2 43. Ke3 Ke7 44. f3 Kd6 45. g4 Ke5 46. f4+ Kd6
47. gxh5 gxh5 48. Kd4 Ke6 49. Kc3 Ra2 50. Kb3 Ra4 51. Rxd2 Rxe4 52. Rf2 Kf5 53.
Kc3 Rxf4 54. Rg2 Rxh4 0-1

[Event "Tradewise Gibraltar Chess Festival 2012 "]
[Site "?"]
[Date "2012.01.24"]
[Round "2.10"]
[White "Vinas Guerrero, Carlos A"]
[Black "Attwood, James"]
[Result "1/2-1/2"]
[WhiteElo "2160"]
[BlackElo "2072"]
[PlyCount "120"]
[EventDate "2012.01.23"]

1. e4 c5 2. Nf3 Nc6 3. d4 cxd4 4. Nxd4 g6 5. c4 Nf6 6. Nc3 d6 7. Be2 Nxd4 8.
Qxd4 Bg7 9. Bg5 O-O 10. Qd2 Be6 11. O-O Qa5 12. Rac1 Rfc8 13. b3 a6 14. Rfd1 b5
15. Bxf6 exf6 16. Nd5 Qxd2 17. Rxd2 Bh6 18. Ne3 bxc4 19. Bxc4 Bxc4 20. Rxc4
Rxc4 21. bxc4 Bxe3 22. fxe3 Rb8 23. Rxd6 Rb1+ 24. Kf2 Rb2+ 25. Kf3 Rxa2 26.
Rxf6 Rc2 27. Rxa6 Rxc4 28. h4 h5 29. g3 Kg7 30. e5 Rb4 31. e6 fxe6 32. Rxe6 Kf7
33. Ra6 Rc4 34. e4 Rc3+ 35. Kf4 Rc5 36. Ra7+ Kf6 37. Ra6+ Kf7 38. Ra7+ Ke6 39.
Ra6+ Kf7 40. g4 hxg4 41. Kxg4 Rc1 42. e5 Re1 43. Kf4 Rf1+ 44. Kg4 Rg1+ 45. Kf4
Rf1+ 46. Ke4 Rh1 47. Kd5 Rd1+ 48. Kc5 Rc1+ 49. Kd6 Rd1+ 50. Kc7 Re1 51. Kd6
Rd1+ 52. Kc7 Re1 53. Rf6+ Ke7 54. Rxg6 Rxe5 55. Rh6 Rc5+ 56. Kb6 Rc1 57. h5 Kf7
58. Rh7+ Kf6 59. Kb5 Rh1 60. Rh8 Kg7 1/2-1/2

[Event "Tradewise Gibraltar Chess Festival 2012 "]
[Site "?"]
[Date "2012.01.24"]
[Round "2.11"]
[White "Havik, Victor"]
[Black "Samu, Sorin-Mihai"]
[Result "1-0"]
[WhiteElo "2066"]
[BlackElo "2156"]
[PlyCount "69"]
[EventDate "2012.01.23"]

1. d4 e6 2. c4 Nf6 3. Nc3 c5 4. d5 exd5 5. cxd5 a6 6. a4 Bd6 7. Nf3 Qe7 8. Bg5
h6 9. Bd2 Be5 10. g3 d6 11. Bg2 O-O 12. O-O Re8 13. Re1 Bg4 14. Nxe5 Qxe5 15.
Qb3 Qe7 16. e4 Nbd7 17. f4 Rab8 18. Nd1 Bxd1 19. Qxd1 b5 20. axb5 axb5 21. b4
Rec8 22. Ra7 Qd8 23. e5 Ne8 24. bxc5 Nxc5 25. Ba5 Nc7 26. e6 fxe6 27. dxe6 Qe7
28. Bd5 Kh8 29. Qh5 Qe8 30. Qg4 Qe7 31. Bc3 b4 32. Bd4 b3 33. Qg6 Kg8 34. f5
Nd7 35. exd7+ 1-0

[Event "Tradewise Gibraltar Chess Festival 2012 "]
[Site "?"]
[Date "2012.01.24"]
[Round "2.13"]
[White "Ungureanu, Sandu"]
[Black "Jaunooby, Ali R"]
[Result "0-1"]
[WhiteElo "2039"]
[BlackElo "2146"]
[PlyCount "90"]
[EventDate "2012.01.23"]

1. c4 e5 2. Nc3 Nc6 3. g3 g6 4. Bg2 Bg7 5. Rb1 d6 6. b4 a6 7. e3 f5 8. Nge2 h5
9. h4 Nf6 10. b5 axb5 11. cxb5 Na5 12. d4 O-O 13. dxe5 dxe5 14. Ba3 Qxd1+ 15.
Rxd1 Re8 16. Bd5+ Be6 17. Bxe6+ Rxe6 18. Bb4 Bf8 19. Bxf8 Kxf8 20. Nd5 Nxd5 21.
Rxd5 c6 22. bxc6 Rxc6 23. Rxe5 Nc4 24. Rb5 Rxa2 25. Rb1 Ne5 26. Nd4 Nd3+ 27.
Kf1 Rxf2+ 28. Kg1 Ra6 29. Rh2 Rxh2 30. Kxh2 Ra2+ 31. Kg1 Rb2 32. Rxb2 Nxb2 33.
e4 fxe4 34. Ne6+ Ke7 35. Nc5 b5 36. Nxe4 b4 37. Kg2 Ke6 38. g4 hxg4 39. Kg3 Ke5
40. Nf2 Kf5 41. Nxg4 Nc4 42. Nf2 b3 43. Nd1 b2 44. Nc3 Nd2 45. h5 Ne4+ 0-1

[Event "Tradewise Gibraltar Chess Festival 2012 "]
[Site "?"]
[Date "2012.01.24"]
[Round "2.14"]
[White "Allor, Chukwuka"]
[Black "Hamer, Martyn"]
[Result "1-0"]
[WhiteElo "2145"]
[BlackElo "2010"]
[PlyCount "85"]
[EventDate "2012.01.23"]

1. Nf3 d5 2. g3 Nf6 3. Bg2 Bg4 4. c4 c6 5. O-O e6 6. cxd5 exd5 7. h3 Be6 8. Nd4
Bd6 9. d3 O-O 10. Nc3 Qd7 11. Nxe6 fxe6 12. e4 Qf7 13. d4 Bc7 14. Be3 Nbd7 15.
e5 Ne8 16. Rc1 Nb6 17. b3 g6 18. Bh6 Ng7 19. Nb1 Nd7 20. Nd2 Rfc8 21. Nf3 Nf5
22. Bf4 Bb6 23. Qd2 c5 24. dxc5 Nxc5 25. Ng5 Qe8 26. b4 h6 27. bxc5 hxg5 28.
Bxg5 Bxc5 29. g4 Ng7 30. Bf6 Ba3 31. Rb1 Qf7 32. Rb3 Bf8 33. Qh6 Rc2 34. a4
Rac8 35. a5 R8c3 36. Rfb1 Rxb3 37. Rxb3 b6 38. axb6 axb6 39. Bf1 Bc5 40. Rf3 b5
41. Bd3 Rxf2 42. Rxf2 Qa7 43. Bxg6 1-0

[Event "Tradewise Gibraltar Chess Festival 2012 "]
[Site "?"]
[Date "2012.01.24"]
[Round "2.15"]
[White "Mihajlov, Sebastian"]
[Black "Seyfried, Claus"]
[Result "1/2-1/2"]
[WhiteElo "1974"]
[BlackElo "2141"]
[PlyCount "23"]
[EventDate "2012.01.23"]

1. d4 d5 2. c4 e6 3. Nc3 c6 4. e3 f5 5. Nf3 Bd6 6. Bd3 Nf6 7. b3 O-O 8. O-O Ne4
9. Qc2 Nd7 10. a4 Qe7 11. Nb1 e5 12. Ba3 1/2-1/2

[Event "Tradewise Gibraltar Chess Festival 2012 "]
[Site "?"]
[Date "2012.01.24"]
[Round "2.16"]
[White "Severijnen, Arjon"]
[Black "Johnsen, Kjell Magne"]
[Result "1-0"]
[WhiteElo "2140"]
[BlackElo "1950"]
[PlyCount "35"]
[EventDate "2012.01.23"]

1. e4 e5 2. f4 exf4 3. Bc4 Nf6 4. Nc3 c6 5. d4 Bb4 6. Nge2 Nxe4 7. O-O d5 8.
Nxe4 dxc4 9. Bxf4 Bg4 10. c3 Be7 11. Qd2 O-O 12. N2g3 Nd7 13. h3 Be6 14. Rae1
Nf6 15. Nxf6+ Bxf6 16. Nh5 Be7 17. Bh6 gxh6 18. Qxh6 1-0

[Event "Tradewise Gibraltar Chess Festival 2012 "]
[Site "?"]
[Date "2012.01.24"]
[Round "2.17"]
[White "Chidi, Lovinia Sylvia"]
[Black "Hagen, Anders Gjerdrum"]
[Result "0-1"]
[WhiteElo "1821"]
[BlackElo "2139"]
[PlyCount "88"]
[EventDate "2012.01.23"]

1. e4 c5 2. Nf3 Nc6 3. d4 cxd4 4. Nxd4 Nf6 5. Nc3 d6 6. Be2 e6 7. Be3 a6 8. a4
Qc7 9. O-O Be7 10. f4 Na5 11. Qd3 Bd7 12. Bf3 Nc4 13. Bc1 Rc8 14. Kh1 O-O 15.
b3 Na5 16. Bb2 Nc6 17. Nxc6 Bxc6 18. Rac1 Nd7 19. Ne2 Bf6 20. Bxf6 Nxf6 21. Nd4
Bd7 22. g4 Rfd8 23. g5 Ne8 24. c4 d5 25. e5 dxc4 26. Rxc4 Qb6 27. Rfc1 Rxc4 28.
Rxc4 Bc6 29. Bxc6 bxc6 30. Qc3 g6 31. Kg2 Qb7 32. Kg3 Ng7 33. Rb4 Qa7 34. Qxc6
Nh5+ 35. Kf3 Rxd4 36. Rxd4 Qxd4 37. Qe4 Qd1+ 38. Ke3 Qxb3+ 39. Kd2 Kg7 40. Kc1
Qc3+ 41. Kb1 Qd2 42. Qb7 Nxf4 43. h4 Nd5 44. Qxa6 Nc3+ 0-1

[Event "Tradewise Gibraltar Chess Festival 2012 "]
[Site "?"]
[Date "2012.01.24"]
[Round "2.19"]
[White "Brown, David"]
[Black "Rowe, Duane"]
[Result "0-1"]
[WhiteElo "1964"]
[BlackElo "2236"]
[PlyCount "50"]
[EventDate "2012.01.23"]

1. e4 c5 2. Nf3 Nc6 3. d4 cxd4 4. Nxd4 e6 5. Be2 Nf6 6. Nc3 Bb4 7. Nxc6 bxc6 8.
O-O d5 9. e5 Nd7 10. f4 h5 11. Qd3 g6 12. Bd2 Rb8 13. Kh1 Nc5 14. Qd4 Qb6 15.
Nb5 Bxd2 16. Nd6+ Kf8 17. Qxd2 Qxb2 18. Nxc8 Rxc8 19. Rfb1 Qa3 20. Qd4 h4 21.
Rb4 Ne4 22. Bf3 c5 23. Ra4 cxd4 24. Rxa3 Rc7 25. Rd1 Nf2+ 0-1

[Event "Tradewise Gibraltar Chess Festival 2012 "]
[Site "?"]
[Date "2012.01.24"]
[Round "2.20"]
[White "Reppen, Ellisiv"]
[Black "Peredy, Ferenc"]
[Result "1/2-1/2"]
[WhiteElo "1948"]
[BlackElo "2180"]
[PlyCount "145"]
[EventDate "2012.01.23"]

1. e4 c6 2. d4 d5 3. Nc3 dxe4 4. Nxe4 Nf6 5. Nxf6+ gxf6 6. Nf3 Bg4 7. Be2 e6 8.
c3 Bd6 9. h3 Bh5 10. Nh4 Bg6 11. Nxg6 hxg6 12. Be3 Qc7 13. Qc2 Nd7 14. O-O-O f5
15. Kb1 Bf4 16. Bxf4 Qxf4 17. Bd3 O-O-O 18. Rhe1 Kb8 19. Qd2 Qxd2 20. Rxd2 Nf6
21. Kc2 Kc7 22. Re5 Nd5 23. Bf1 Nf4 24. Re3 Rd7 25. Re1 Kd6 26. Re3 g5 27. Rg3
f6 28. Re3 b5 29. Re1 Rg7 30. a4 a6 31. axb5 axb5 32. Ra1 g4 33. hxg4 Rxg4 34.
g3 Nd5 35. Bg2 Nc7 36. Bf3 Rg7 37. Rdd1 Rh2 38. Rd2 Rgh7 39. Re1 R7h3 40. Rde2
Rh8 41. Ra1 Rg8 42. Rh1 Rxh1 43. Bxh1 Rh8 44. Bf3 f4 45. gxf4 Rh4 46. Re4 f5
47. Re2 Rxf4 48. Bg2 Rg4 49. Bf3 Rh4 50. Kd2 Rh3 51. Bg2 Rh2 52. Bf3 Rh6 53.
Re1 Rh3 54. Ke2 Nd5 55. Bxd5 Kxd5 56. Kd2 Rh2 57. Re5+ Kd6 58. Re2 Rh1 59. Kc2
Rf1 60. Kd3 Kd5 61. Re5+ Kd6 62. Re2 Rh1 63. Kc2 Rh4 64. Kd3 Rf4 65. Kd2 Rh4
66. Kd3 Rf4 67. Kd2 Rg4 68. Kd3 Ke7 69. Kd2 Kd7 70. Kd3 Kd6 71. Re5 Rh4 72. Re3
Rh2 73. Re2 1/2-1/2

[Event "Tradewise Gibraltar Chess Festival 2012 "]
[Site "?"]
[Date "2012.01.24"]
[Round "2.23"]
[White "Obiamiwe, Paul"]
[Black "Rios Gonzalez, Jose Antonio"]
[Result "1-0"]
[WhiteElo "1982"]
[BlackElo "2024"]
[PlyCount "89"]
[EventDate "2012.01.23"]

1. e4 e5 2. Nf3 Nc6 3. Bb5 a6 4. Ba4 Nf6 5. O-O Be7 6. Re1 b5 7. Bb3 O-O 8. a4
Bb7 9. c3 d6 10. d4 Na5 11. Bc2 c5 12. d5 Nc4 13. Qe2 Nd7 14. b3 Ncb6 15. a5
Nc8 16. Nbd2 f5 17. c4 bxc4 18. bxc4 f4 19. h3 Bf6 20. Rb1 Ra7 21. Nb3 Ne7 22.
Nh2 Bc8 23. Bd2 g5 24. Qh5 Ng6 25. Ng4 Bg7 26. Nh6+ Bxh6 27. Qxh6 g4 28. hxg4
f3 29. Bg5 Qe8 30. gxf3 Rxf3 31. Bd1 Rf8 32. f3 Nf6 33. Rb2 Raf7 34. Rh2 Qd7
35. Nd2 Ne8 36. Nf1 Rxf3 37. Bxf3 Rxf3 38. Ne3 Qf7 39. Nf5 Bxf5 40. gxf5 Nf4
41. Bxf4 exf4 42. Rg2+ Kh8 43. e5 dxe5 44. Rxe5 Nf6 45. Qxf6+ 1-0

[Event "Tradewise Gibraltar Chess Festival 2012 "]
[Site "?"]
[Date "2012.01.24"]
[Round "2.24"]
[White "Jernselius, Kjell"]
[Black "Reuben, Stewart"]
[Result "0-1"]
[WhiteElo "1858"]
[BlackElo "2001"]
[PlyCount "92"]
[EventDate "2012.01.23"]

1. b4 e6 2. Bb2 Nf6 3. b5 b6 4. Nf3 Bb7 5. e3 Be7 6. Be2 O-O 7. a4 a6 8. c4 d6
9. O-O Nbd7 10. Nc3 Nc5 11. d4 Nce4 12. Nd2 c5 13. Ndxe4 Nxe4 14. Nxe4 Bxe4 15.
Bf3 Bxf3 16. Qxf3 Qc7 17. d5 e5 18. e4 Qd7 19. Qd3 Bg5 20. Bc1 Bxc1 21. Rfxc1
f5 22. f3 fxe4 23. fxe4 Rf4 24. Rf1 Qg4 25. Rxf4 exf4 26. Qf3 Qxf3 27. gxf3
axb5 28. cxb5 Kf7 29. Kf2 Kf6 30. Ke2 Ke5 31. Kd3 g5 32. h3 Ra5 33. Kc4 h5 34.
Kb3 g4 35. hxg4 hxg4 36. fxg4 Kxe4 37. Kc4 f3 38. g5 f2 39. Kb3 Kf3 40. g6 Ra7
41. a5 bxa5 42. Kc4 Rb7 43. Ra3+ Kg2 44. Ra2 Kg1 45. g7 f1=Q+ 46. Kc3 Rxg7 0-1

[Event "Tradewise Gibraltar Chess Festival 2012 "]
[Site "?"]
[Date "2012.01.24"]
[Round "2.26"]
[White "Urbina Perez, Juan Antonio"]
[Black "Helin, Mikael"]
[Result "1-0"]
[WhiteElo "2210"]
[BlackElo "1935"]
[PlyCount "65"]
[EventDate "2012.01.23"]

1. e4 c5 2. Nf3 Nc6 3. d4 cxd4 4. Nxd4 a6 5. Nc3 e6 6. Be3 Qc7 7. Qd2 Nf6 8. f3
Ne5 9. O-O-O b5 10. Kb1 Nc4 11. Bxc4 bxc4 12. g4 Rb8 13. e5 Nd5 14. Nxd5 exd5
15. Nf5 c3 16. Qxd5 Rxb2+ 17. Ka1 Bb7 18. Nd6+ Bxd6 19. exd6 Bxd5 20. dxc7
Rxa2+ 21. Kb1 Rb2+ 22. Kc1 Bb7 23. Bc5 f6 24. Rhe1+ Kf7 25. Re7+ Kg6 26. Rdxd7
Rg8 27. Rd8 Ra2 28. Kb1 Rb2+ 29. Ka1 Rxc2 30. Rxg8 Rc1+ 31. Ka2 Bd5+ 32. Ka3
Bxg8 33. c8=Q 1-0

[Event "Tradewise Gibraltar Chess Festival 2012 "]
[Site "?"]
[Date "2012.01.24"]
[Round "2.27"]
[White "Vanparys, Philip"]
[Black "Nwachukwu, Chino"]
[Result "1-0"]
[WhiteElo "2174"]
[BlackElo "1926"]
[PlyCount "97"]
[EventDate "2012.01.23"]

1. c4 Nf6 2. g3 g6 3. Bg2 Bg7 4. Nc3 c5 5. e3 O-O 6. Nge2 Nc6 7. O-O e6 8. d4
cxd4 9. Nxd4 a6 10. Nxc6 bxc6 11. e4 e5 12. Bg5 d6 13. Qd2 Qc7 14. Rad1 Rd8 15.
c5 Bg4 16. cxd6 Bxd1 17. dxc7 Rxd2 18. Bxd2 Bg4 19. Na4 Ne8 20. Ba5 Rc8 21. Rc1
Nxc7 22. Rxc6 Nb5 23. Rxc8+ Bxc8 24. Bf1 Bf8 25. Nb6 Bb7 26. Nd7 Bd6 27. Bxb5
axb5 28. Bc3 Bc6 29. Bxe5 Bxe5 30. Nxe5 Bxe4 31. Kf1 Kf8 32. Ke2 Ke7 33. Ke3
Bd5 34. a3 Kd6 35. Kd4 Be6 36. Nd3 Bc4 37. Nc5 Be2 38. Ne4+ Ke7 39. Nc3 Bf1 40.
Kc5 Ke6 41. Nxb5 Kf5 42. f3 h5 43. a4 h4 44. a5 Bg2 45. Nd4+ Kg5 46. a6 hxg3
47. hxg3 Bxf3 48. Nxf3+ Kg4 49. Ne5+ 1-0

[Event "Tradewise Gibraltar Chess Festival 2012 "]
[Site "?"]
[Date "2012.01.24"]
[Round "2.28"]
[White "Jameson, David"]
[Black "Annetts, Ivor S"]
[Result "1-0"]
[WhiteElo "2077"]
[BlackElo "1895"]
[PlyCount "123"]
[EventDate "2012.01.23"]

1. c4 e6 2. Nc3 d5 3. d4 Nf6 4. Bg5 Be7 5. e3 c6 6. Qc2 Nbd7 7. Bd3 dxc4 8.
Bxc4 b5 9. Bd3 Bb7 10. Nf3 a6 11. Rd1 Qb6 12. O-O c5 13. Qe2 O-O 14. Ne5 Rfe8
15. Nxd7 Nxd7 16. Bxe7 Rxe7 17. Qh5 g6 18. Qg5 Rae8 19. Be4 f6 20. Qf4 c4 21.
Bxb7 Qxb7 22. Ne4 Rf8 23. Qd6 Rfe8 24. Qf4 Rf8 25. h4 Qd5 26. Nc3 Qb7 27. Qd6
Rfe8 28. Rc1 Nf8 29. Qf4 Nd7 30. Rfd1 Kg7 31. Rd2 Nb6 32. Ne4 Nd5 33. Qf3 Rd8
34. a3 Qb6 35. Qg3 Qc7 36. Qf3 Qb6 37. Nc3 f5 38. Qg3 Qd6 39. Qe5+ Qxe5 40.
dxe5 Red7 41. Rcd1 Nb6 42. Rd4 Rxd4 43. Rxd4 Rxd4 44. exd4 Kf7 45. f3 Ke7 46.
Kf2 Kd7 47. h5 Kc6 48. g4 Nd5 49. hxg6 hxg6 50. gxf5 gxf5 51. Ne2 a5 52. Ke1 b4
53. axb4 axb4 54. Kd2 Kb5 55. Kc2 Ka4 56. Ng3 Ne3+ 57. Kc1 Kb3 58. Nh5 Nd5 59.
Nf6 Nf4 60. Nd7 Ne2+ 61. Kb1 Nxd4 62. Nc5# 1-0

[Event "Tradewise Gibraltar Chess Festival 2012 "]
[Site "?"]
[Date "2012.01.24"]
[Round "2.29"]
[White "Carlile, Orison"]
[Black "Knudsen, Jes West"]
[Result "1-0"]
[WhiteElo "2043"]
[BlackElo "1892"]
[PlyCount "39"]
[EventDate "2012.01.23"]

1. e4 d5 2. exd5 Nf6 3. d4 Nxd5 4. Nf3 Bg4 5. h3 Bh5 6. g4 Bg6 7. Ne5 e6 8. Bg2
c6 9. h4 Nb4 10. Na3 f6 11. Nxg6 hxg6 12. Qe2 Qxd4 13. Qxe6+ Be7 14. Qc8+ Qd8
15. Qxb7 Nd7 16. Bf4 Rc8 17. O-O-O Nxa2+ 18. Kb1 Bxa3 19. Kxa2 Be7 20. Bxc6 1-0